000 01370nam0a22003251 4500
001 v19\rc\2067290
005 20251118181623.6
035 _a(NLR Aleph) 005143077
090 _a4823135
_c4823135
100 _a20081111d1917 u y0rusy50 ca
101 0 _arus
102 _aRU
105 _aa z |||||
200 1 _aMacrosporium и Alternaria, вредители картофеля, капусты и других растений
_eИзд. Харьк. обл. ст. под ред. А.А. Потебни
_fА.Я. Трофимович
210 _a[Харьков]
_d1917
_eПолтава
215 _a34 с.
_cил.
_d27
225 1 _aХарьковская областная сельскохозяйственная опытная станция. [Издания]
_iФитопатологический отдел
_v№ 2
532 1 3 _aMacrosporium и Alternaria, вредители картофеля, капусты и других растений
700 1 _aТрофимович
_bА.Я.
_f1893-
_gАлексей Яковлевич
702 1 _aПотебня
_bА.А.
_4340
801 0 _aRU
_bNLR
_gpsbo
801 0 _aRU
_bRuMoRGB
_2psbo
801 1 _aRU
_bProSoft-M
_2rusmarc
852 _aNLR
_j35/3691(№ 2)
899 _aRuMoRGB
_jЯ 1/172 (№ 2)
899 _aRuMoRGB
_jЯ 1/179
899 _aНБ МГУ
942 _cBOOK
980 _aNB